Statistics for Country Neighbour Connect: Smallest, starting with World's Smallest

Click here to take the quiz!

General Stats

  • This quiz has been taken 185 times
  • The average score is 115 of 154

Answer Stats

COUNTRY% Correct
Italy
100%
Vatican City
100%
San Marino
99%
Croatia
93%
Slovenia
93%
Kosovo
91%
Macedonia
91%
Montenegro
91%
Albania
90%
Bosnia and Herzegovina
90%
Bulgaria
90%
Greece
90%
Hungary
90%
Serbia
90%
Slovakia
90%
Austria
87%
Czech Republic
87%
Liechtenstein
87%
Andorra
86%
Belgium
86%
France
86%
Germany
86%
Luxembourg
86%
Monaco
86%
Netherlands
86%
Portugal
86%
Spain
86%
Switzerland
86%
Ireland
85%
United Kingdom
85%
Gambia
82%
Guinea
82%
Guinea-Bissau
82%
Mauritania
82%
Morocco
82%
Senegal
82%
Sierra Leone
82%
Benin
81%
Burkina Faso
81%
Cameroon
81%
Côte d'Ivoire
81%
Ghana
81%
Liberia
81%
Mali
81%
Nigeria
81%
Togo
81%
Burundi
80%
Central African Republic
80%
Equatorial Guinea
80%
Niger
80%
Republic of the Congo
80%
Rwanda
80%
Uganda
80%
Gabon
79%
South Sudan
79%
Botswana
78%
Malawi
78%
Mozambique
78%
Namibia
78%
South Africa
78%
Swaziland
78%
Tanzania
78%
Zambia
78%
Zimbabwe
78%
Democratic Republic of the Congo
77%
Djibouti
77%
Egypt
77%
Ethiopia
77%
Iraq
77%
Israel
77%
Jordan
77%
Kenya
77%
Lebanon
77%
Lesotho
77%
Somalia
77%
Sudan
77%
Syria
77%
Angola
76%
Armenia
76%
Azerbaijan
76%
Bangladesh
76%
Bhutan
76%
Burma
76%
Cambodia
76%
China
76%
Eritrea
76%
Georgia
76%
India
76%
Iran
76%
Kazakhstan
76%
Kuwait
76%
Kyrgyzstan
76%
Laos
76%
Malaysia
76%
Nepal
76%
Qatar
76%
Saudi Arabia
76%
Tajikistan
76%
Thailand
76%
Turkey
76%
Turkmenistan
76%
Uzbekistan
76%
Vietnam
76%
Brunei
75%
Oman
75%
United Arab Emirates
75%
Yemen
75%
East Timor
74%
Indonesia
74%
Papua New Guinea
74%
Afghanistan
72%
Pakistan
71%
Belarus
70%
Estonia
70%
Latvia
70%
Lithuania
70%
North Korea
70%
Poland
70%
Russia
70%
South Korea
70%
Ukraine
69%
Moldova
68%
Romania
68%
Finland
67%
Norway
67%
Sweden
67%
Libya
55%
Tunisia
55%
Belize
52%
Canada
52%
Colombia
52%
Costa Rica
52%
El Salvador
52%
Guatemala
52%
Guyana
52%
Honduras
52%
Mexico
52%
Nicaragua
52%
Panama
52%
United States
52%
Venezuela
52%
Algeria
51%
Bolivia
51%
Chile
51%
Ecuador
51%
Peru
51%
Argentina
50%
Brazil
50%
Mongolia
50%
Paraguay
50%
Suriname
50%
Uruguay
50%
Chad
45%
Denmark
42%

Score Distribution

Percentile by Number Answered

Percent of People with Each Score

Your Score History

You have not taken this quiz